| 000 | 00595nam a2200193Ii 4500 | ||
|---|---|---|---|
| 003 | JO-AjNU | ||
| 008 | 230605s9999||||xx |||||||||||||| ||und|| | ||
| 040 |
_aJO-AjNU _bara _erda _cJO-AjNU |
||
| 041 | _aara | ||
| 050 | 1 | 4 | _aBF177 |
| 100 | 3 |
_aأسعد،يوسف ميخائيل, _eauthor _913500 |
|
| 245 | 0 | 0 | _aمعتقدات وخرافات |
| 264 | 3 | 1 | _aالقاهرة:دار النهضة العربية ، د.ت |
| 300 | _a314ص | ||
| 336 |
_atext _btxt _2rdacontent |
||
| 337 |
_aunmediated _bn _2rdamedia |
||
| 338 |
_avolume _bnc _2rdacarrier |
||
| 650 | 4 |
_aمعتقدات-خرافات _913501 |
|
| 999 |
_aA3378 _c6946 _d6946 |
||